| 000 | 00973pam a2200265 a 4500 | ||
|---|---|---|---|
| 999 |
_c126347 _d126347 |
||
| 001 | 1599209 | ||
| 003 | ARRUPE | ||
| 005 | 20170323085001.0 | ||
| 008 | 941129s1995 nyu b 001 0 eng | ||
| 010 | _a 94045534 | ||
| 020 |
_a0312118805 : _c$22.95 |
||
| 040 |
_aDLC _cDLC _dDLC |
||
| 050 | 0 | 0 |
_aR724 _b.S55 1995 |
| 082 | 0 | 0 |
_a179/.7 _220 |
| 100 | 1 |
_aSinger, Peter, _d1946- _9766 |
|
| 245 | 1 | 0 |
_aRethinking life & death : _bthe collapse of our traditional ethics / _cPeter Singer. |
| 246 | 1 | 8 | _aRethinking life and death |
| 250 | _a1st U.S. ed. | ||
| 260 |
_aNew York : _bSt. Martin's Press, _c1995. |
||
| 300 |
_a256 p. ; _c25 cm. |
||
| 504 | _aIncludes bibliographical references (p. 238-246) and index. | ||
| 650 | 0 |
_aMedical ethics. _929567 |
|
| 906 |
_a7 _bcbc _corignew _d1 _eocip _f19 _gy-gencatlg |
||
| 942 |
_2lcc _cMONOGRAPH |
||